000 00832nam a2200253 4500
001 112818
003 ES-MaACL
005 20250926063057.0
007 t|
008 061121s1984 sp r ||||1| spa d
020 _a84-7509-121-0
080 _a159.964
100 1 _aJung, Carl G.,
_d1875-1961
_967282
245 1 0 _aArquetipos e inconsciente colectivo /
_cC. G. Jung ; [traducción de Miguel Murmis].
260 _aBarcelona [etc.] :
_bPaidos,
_cD. L. 1984.
300 _a182 p. ;
_c22 cm.
490 1 _aBiblioteca de psicología profunda ;
_v14
650 7 _aArquetipo (Psicología)
_2embne
_9140924
650 4 _aSubconsciente.
_917233
700 1 _aMurmis, Miguel.
_984601
830 0 _aBiblioteca de psicología profunda ;
_v14
_9179952
852 _aES-MaACL
_jL-10828
_bR.111564
999 _c112818
_d112818